Normal view
MARC view
- 1.United States--- Armed Force ---- Equipment --- Maintenance and repair ---- Study and teaching 2. Military education ------ United States
Entry Topical Term
001 - CONTROL NUMBER
- control field: 1627
003 - CONTROL NUMBER IDENTIFIER
- control field: NUST
005 - DATE AND TIME OF LATEST TRANSACTION
- control field: 20170530124955.0
008 - FIXED-LENGTH DATA ELEMENTS
- fixed length control field: 170530|| aca||aabn | a|a d
040 ## - CATALOGING SOURCE
- Original cataloging agency: NUST
- Transcribing agency: NUST
150 ## - HEADING--TOPICAL TERM
- Topical term or geographic name entry element: 1.United States--- Armed Force ---- Equipment --- Maintenance and repair ---- Study and teaching 2. Military education ------ United States
670 ## - SOURCE DATA FOUND
- Source citation: Work cat.: (NUST)24646: Teddy A Barnes 1626, Logistics Support Training Design & Development, c1992
